000
00190nam a2200085Ia 4500
008
120527s9999 xx 000 0 und d
100
_a
MOMAH, Sam
245
_a
Technology is Power
942
_c
BK
999
_c
25354
_d
25354